Ve zdravé firmě lidé nevyhoří

Koncept zdravej firmy. Mentálne zdravá firma so zdravou komunikáciou. Šéf ako nositeľ pozitívnej energie. Duševné, fyzické a mentálne zdravie.

Salvato in:
Dettagli Bibliografici
Autore principale: Kejhová, Hana
Natura: Capitolo di libro
Lingua:ceco
Soggetti:
Tags: Aggiungi Tag
Nessun Tag, puoi essere il primo ad aggiungerne!!

MARC

LEADER 00000naa a2200000 4500
001 0185441
005 20231211094604.7
041 0 |a cze 
044 |a CZ 
245 1 0 |a Ve zdravé firmě lidé nevyhoří  |c Hana Kejhová 
520 |a Koncept zdravej firmy. Mentálne zdravá firma so zdravou komunikáciou. Šéf ako nositeľ pozitívnej energie. Duševné, fyzické a mentálne zdravie. 
610 2 0 |a prostredie pracovné 
610 2 0 |a podmienky pracovné 
610 2 0 |a zdravie 
610 2 0 |a starostlivosť o zdravie 
610 2 0 |a zamestnanci 
610 2 0 |a manažéri 
610 2 0 |a komunikácia 
610 2 0 |a firmy 
100 1 |a Kejhová, Hana